书目信息 |
| 题名: |
油漆工
|
|
| 作者: | 陈高峰 主编 | |
| 分册: | ||
| 出版信息: | 北京 中国电力出版社 2014.10 |
|
| 页数: | 322页 | |
| 开本: | 21cm | |
| 丛书名: | 建筑工人便携手册 | |
| 单 册: | ||
| 中图分类: | TU767 | |
| 科图分类: | ||
| 主题词: | 建筑工程--jian zhu gong cheng--涂漆--手册 | |
| 电子资源: | ||
| ISBN: | 978-7-5123-6272-7 | |
| 000 | 00918nam 2200277 450 | |
| 001 | CAL 0120141440858 | |
| 005 | 20150623155602.10 | |
| 010 | @a978-7-5123-6272-7@dCNY38.00 | |
| 100 | @a20141216d2014 em y0chiy50 ea | |
| 101 | 0 | @achi |
| 102 | @aCN@b110000 | |
| 105 | @aak a 000yy | |
| 106 | @ar | |
| 200 | 1 | @a油漆工@Ayou qi gong@f陈高峰主编@Fchen gao feng zhu bian |
| 210 | @a北京@c中国电力出版社@d2014.10 | |
| 215 | @a322页@c图@d21cm | |
| 225 | 2 | @a建筑工人便携手册@Ajian zhu gong ren bian xie shou ce |
| 320 | @a有书目 (第322页) | |
| 330 | @a本书主要介绍了油漆工的基础知识、工具设备、油漆用料、漆前施工准备、涂饰施工、古建筑涂饰、裱糊和软包等内容。 | |
| 410 | 0 | @12001 @a建筑工人便携手册 |
| 586 | @a | |
| 606 | 0 | @a建筑工程@Ajian zhu gong cheng@x涂漆@j手册 |
| 690 | @aTU767@v5 | |
| 701 | 0 | @a陈高峰@Achen gao feng@4主编 |
| 801 | 0 | @aCN@c20150820 |
| 905 | @a河南城建学院图书馆@dTU767@eC4201@f3 | |
| 油漆工/陈高峰主编.-北京:中国电力出版社,2014.10 |
| 322页:图;21cm.-(建筑工人便携手册) |
| ISBN 978-7-5123-6272-7:CNY38.00 |
| 本书主要介绍了油漆工的基础知识、工具设备、油漆用料、漆前施工准备、涂饰施工、古建筑涂饰、裱糊和软包等内容。 |
| ● |
| 相关链接 |
|
|
|
正题名:油漆工
索取号:TU767/C4201
 
预约/预借
| 序号 | 登录号 | 条形码 | 馆藏地/架位号 | 状态 | 备注 |
| 1 | 1160552 | 211605529 | 建筑库201/201建筑库 45排5列4层/ [索取号:TU767/C4201] | 在馆 | |
| 2 | 1160553 | 211605538 | 建筑库201/201建筑库 45排5列4层/ [索取号:TU767/C4201] | 在馆 | |
| 3 | 1160554 | 211605547 | 建筑库201/201建筑库 45排5列4层/ [索取号:TU767/C4201] | 在馆 |